000 00749nam a2200265 i 4500
001 C2-0075845
003 PPAK
005 20180727081807.0
008 970429s1989 my a|||| ||||| | may d
020 _a967976317X
040 _aPPAK
_beng
_cPPAK
_erda
082 0 4 _a780.7
_223
090 0 0 _a780.7
_bLIN
_dG
100 1 _aLing, Caroline,
_eauthor
245 1 0 _aPembelajaran muzik
264 1 _aPetaling Jaya, Selangor :
_bLongman Malaysia ,
_c1989
300 _a95 pages :
_billustrations ;
_c23 cm
336 _2rdacontent
_atext
337 _2rdamedia
_aunmediated
338 _2rdacarrier
_avolume
490 1 _aSiri pendidikan Longman
650 1 0 _aMusic - Instruction and study
830 0 _aSiri pendidikan Longman
942 _ddc
_cB
999 _c11481
_d11481